History Quiz

Random History Quiz
Score 0/11 Timer 03:00
0 Plays Today
Hint Answer % Correct
Year Elected - 1st term1828
89.4%
Year Elected - 2nd term1832
87.6%
Political PartyDemocratic
84.1%
Year Born1767
73.5%
Vice President - 2ndMartin Van Buren
69.9%
Birth StateCarolinas (exact spot unknown)
69%
Year Died1845
64.6%
Vice PresidentsJohn C. Calhoun
61.9%
Presidential Ordinal7th
61.1%
First LadyRachel Donelson
53.1%
Previous JobUS Senator - Tennessee (1823-1825)
38.9%
Remove Ads.
Support Sporcle.
Get the best of Sporcle when you Go Orange. This ad-free experience offers more features, more stats, and more fun while also helping to support Sporcle. Thank you for becoming a member.

You're not logged in!

Compare scores with friends on all Sporcle quizzes.
OR
Log In

Show Comments

Extras

Created Dec 31, 2014SourceReportNominate
Tags:Andrew, jackson

Top Quizzes Today


Score Distribution

Your Account Isn't Verified!

In order to create a playlist on Sporcle, you need to verify the email address you used during registration. Go to your Sporcle Settings to finish the process.

Report this User

Report this user for behavior that violates our Community Guidelines.

Details: